Formula 1 Drivers that were most times Disqualified - Statistics

General Stats
  • This quiz has been taken 74 times
  • The average score is 8 of 28
Answer Stats
Disqualitions Driver % Correct
2 Hamilton
88%
2 Schumacher
88%
3 Senna
72%
2 Prost
66%
3 Mansell
49%
3 Lauda
45%
2 Rosberg
40%
2 Barrichello
37%
2 Hunt
37%
2 Piquet
37%
2 Massa
35%
2 Villeneuve
34%
3 Montoya
29%
2 de Cesaris
25%
3 Moss
23%
2 Ricciardo
20%
3 Watson
15%
3 de Angelis
12%
8 Brundle
9%
2 Panis
6%
3 Sato
6%
4 Johansson
5%
2 Nannini
3%
3 Salo
3%
11 Bellof
2%
2 Schuppan
0%
2 Stommelen
0%
2 Winkelhock
0%
No matching quizzes found
Score Distribution
Percent of People with Each Score
Percentile by Number Answered
Your Score History
You have not taken this quiz